Basketball-Weltmeister der Damen - Statistiken

Allgemein
  • Dieses Quiz wurde 176 mal gespielt
  • Das Durchschnittsergebnis liegt bei 16 aus 18
Antwortstatistiken
Jahr Weltmeister % Korrekt
1953 Vereinigte Staaten
100%
1957 Vereinigte Staaten
100%
1979 Vereinigte Staaten
100%
1986 Vereinigte Staaten
100%
1990 Vereinigte Staaten
100%
1998 Vereinigte Staaten
100%
2002 Vereinigte Staaten
100%
2010 Vereinigte Staaten
100%
2014 Vereinigte Staaten
100%
2018 Vereinigte Staaten
100%
1959 Sowjetunion
76%
1964 Sowjetunion
76%
1967 Sowjetunion
76%
1971 Sowjetunion
76%
1975 Sowjetunion
76%
1983 Sowjetunion
76%
1994 Brasilien
71%
2006 Australien
51%
Keine übereinstimmenden Quizze gefunden
Verteilung der Resultate
Anzahl Personen mit jedem Resultat
Perzentil nach korrekt beantworteten Fragen
Ihre Resultats-Entwicklung
Sie haben dieses Quiz noch nicht gespielt